| 000 | 00376nam a2200133Ia 4500 | ||
|---|---|---|---|
| 008 | 220204s9999 xx 000 0 und d | ||
| 082 |
_a577.345 _bGIE.1 |
||
| 245 | 0 | _aPhotophysiology. V 1. General principles action of light on plants. | |
| 260 |
_aNew York _bAcademic _c1964 |
||
| 650 | _aPhotophysiology | ||
| 650 | _aPhototropism | ||
| 700 | _aGIESE, Arthur C | ||
| 942 | _cBK | ||
| 999 |
_c20575 _d20575 |
||